00750nam a2200205 a 450000100100000000500170001000800410002702000150006804000250008310000310010824500570013926000720019630000210026849000230028950000420031250400320035483000300038695201110041699900170052700003984620201002033752.0130725s2004 sp 000 0 spa d a8400082494 aDO-SdBNPbspacBNPHU1 aAyensa Prat, Eusebi96603910aCancionero griego de frontera /cEusebi Ayensa Prat. aMadrid :bConsejo Superior de Investigaciones Científicas,c2004. a316 p. ;c25 cm.1 aNueva Romavno. 23 aIncluye notas al pie de las páginas aBibliografía : p. 300-307 0aNueva Romanno. 23966040 001054708MOaGRbGRcCTd2013-07-25iLF1l0o p39846-10r2020-06-25w2020-06-25y4ZPréstamo en sala c39336d39336